Tilastot visalle Fidži-visa

Klikkaa tästä pelataksesi tätä visaa!

Yleistilastot

  • Tätä visaa on pelattu 176 kertaa
  • Keskiarvotulos 11 / 18

Vastaustilastot

VihjeVastaus% Oikein
Viralliset kieletEnglanti
97%
Valtio, jonka siirtomaa Fidži oli 1874–1987Yhdistynyt kuningaskunta
94%
ValuuttaDollari
86%
Viralliset kieletFidži
82%
PääkaupunkiSuva
80%
Fidžiin tuotiin 60 000 työntekijää tästä maasta ennen ensimmäistä maailmansotaaIntia
76%
Suosituin urheilulajiRugby union
69%
Oseanian osa-alue, johon Fidži kuuluuMelanesia
65%
Tärkein rahakasviSokeriruoko
57%
Suurin saari{Viti} Levu
54%
Toiseksi suurin saari{Vanua} Levu
53%
Vuosien 1987, 2000 ja 2007 poliittinen tapahtumaVallankaappaus
51%
"Meke" on perinteinen fidžiläinen...Tanssi
49%
Viralliset kieletFidžinhindi
47%
Protestanttinen haara, jota 35 % Fidžin asukkaista harjoittaaMetodismi
47%
Vuonna 1643 Fidžin ensimmäisenä eurooppalaisena löytänyt henkilöAbel Tasman
41%
Muista saarista pohjoiseen sijaitseva Fidžille kuuluva saariRotuma
38%
Kaupunki, jossa on maan suurin lentoasema ja eniten turistejaNadi
33%

Tulosjakauma

Persentiili vastausten määrän mukaan

Jokaisen tuloksen saaneiden osuus

Tuloshistoriasi

Et ole pelannut tätä visaa